Normal view MARC view
  • Empires of long ago

Entry Topical Term

Number of records used in: 1

001 - CONTROL NUMBER

  • control field: 108413

003 - CONTROL NUMBER IDENTIFIER

  • control field: NUST

005 - DATE AND TIME OF LATEST TRANSACTION

  • control field: 20230201135843.0

008 - FIXED-LENGTH DATA ELEMENTS

  • fixed length control field: 230201|| aca||aabn | a|a d

040 ## - CATALOGING SOURCE

  • Original cataloging agency: NUST
  • Transcribing agency: NUST

150 ## - HEADING--TOPICAL TERM

  • Topical term or geographic name entry element: Empires of long ago

670 ## - SOURCE DATA FOUND

  • Source citation: Work cat.: (NUST)186954: F. R. Worts. MA 108412, Empires of long ago / , 1930
© 2023 Central Library, National University of Sciences and Technology. All Rights Reserved.